000 00729nam a22002057a 4500
003 PILC
005 20150305150451.0
008 150305b xxu||||| |||| 00| 0 eng d
050 _aBF 318
_b.R141 2014
100 _aRagay, Thea V.
245 _aMental ability and learning styles of B.S. Psychology students of Southville International School and Colleges /
_cThea V. Ragay.
260 _aLas PiƱas City, Philippines :
_bSouthville International School and Colleges,
_cc2014.
300 _a61 pages :
_billustrations ;
_c28 cm.
521 _aPsychology
650 _aLearning.
650 _aLearning strategies.
650 _aPersonality and academic achievement.
650 _aIndividual differences.
942 _2lcc
_cTH
999 _c283733
_d283733